30 Jahre Deutschlands "10er" beim DFB - Statistiken

Allgemein
  • Dieses Quiz wurde 121 mal gespielt
  • Das Durchschnittsergebnis liegt bei 9 aus 26
Antwortstatistiken
Hint Antwort % Korrekt
seit 23/24 Musiala
81%
08/09 Özil
76%
16/17 - 17/18 Özil
76%
08/09 - 15/16 Podolski
74%
93/94 - 94/95 Matthäus
70%
98/99 - 99/00 Matthäus
70%
20/21 - 23/24 Gnabry
48%
20/21 Havertz
48%
18/19 - 20/21 Brandt
35%
12/13 Draxler
34%
05/06 - 07/08 Neuville
31%
02/03 Schneider
28%
94/95 - 98/99 Häßler
27%
94/95 Möller
24%
16/17 Goretzka
21%
00/01 Deisler
18%
04/05 Deisler
18%
96/97 Basler
14%
00/01 - 01/02 Ricken
12%
03/04 - 04/05 Kuranyi
11%
16/17 Stindl
10%
16/17 Demirbay
7%
00/01 - 01/02 Hamann
7%
21/22 - 22/23 Adeyemi
5%
00/01 Zickler
4%
98/99 Beinlich
3%
Keine übereinstimmenden Quizze gefunden
Verteilung der Resultate
Anzahl Personen mit jedem Resultat
Perzentil nach korrekt beantworteten Fragen
Ihre Resultats-Entwicklung
Sie haben dieses Quiz noch nicht gespielt